| 000 | 01423njm a22003377a 4500 | ||
|---|---|---|---|
| 005 | 20100920143112.0 | ||
| 007 | sd ammalaaahaa | ||
| 008 | 100904t xxu||||| |||| 00| 0 hin d | ||
| 028 |
_a2392 956 _bMUSIC INDIA |
||
| 028 |
_a2392 956 _bMUSIC INDIA |
||
| 035 | _aGR-03601 | ||
| 040 | _aSED/VEN | ||
| 100 |
_91184 _aKalyanpur, Suman |
||
| 245 |
_aKasak (Part-1) _bHindi / _h[Sound Recording] : _cby Suman Kalyanpur; Music by Yunus Malik; Lyric by Kaif Akrami |
||
| 246 | _aकसक (सुमन कल्याणपुर) | ||
| 250 | _aP-1981 | ||
| 260 |
_aDum Dum, India : _bMUSIC INDIA |
||
| 300 |
_a1 sound disc [Gramophone Recording] : _banalog, 33 1/3 rpm ; _c12 in. [LP] _fGramophone Records |
||
| 500 | _aBrief Records | ||
| 500 | _aRecord Lables: MUSIC INDIA, Red | ||
| 505 | _aगीत साइड-1; मेरे आँसुओं पे नजर ना कर (कसक) (सुमन कल्याणपुर), गीत साइड-2; फिर शाम से डूबा जाए दिल मेरा (सुमन कल्याणपुर) भाग-2 | ||
| 600 |
_920735 _aKalyanpur, Suman |
||
| 650 |
_aClassical Music _xExcerpts _zIndia _918309 |
||
| 700 | _918319 | ||
| 700 | _918320 | ||
| 700 | _919413 | ||
| 700 | _919439 | ||
| 700 | _920810 | ||
| 942 |
_2ddc _cGR |
||
| 999 |
_c47038 _d47038 |
||